00786nac a22002057a 4500001001000000003000900010005001700019008003400036040005400070072000800124100011900132110007300251245006600324260003800390300000900428490010000437500001200537650001000549650002100559BR7903815BR-BrBNA20240105114438.0230509b bl.|||m| |||| 00| 0 por d aBR-BrBNAbporcBiblioteca Nacional de Agricultura aH101 aAlmeida, A.F. de (Escola Superior de Agricultura Luiz de Queiroz, Piracicaba, SP (Brazil). Depto. de Silvicultura)1 aInstituto de Pesquisas e Estudos Florestais, Piracicaba, SP (Brasil)1 aAspectos biologicos no controle das sauvas [controle quimico]3 aPiracicaba, SP (Brasil): c1979.  a7 p. aCircular Tecnica - Instituto de Pesquisas e Estudos Florestais (Brazil)vno. 78xISSN 0100-3453 a11 ref. aSAUVA aCONTROLE QUIMICO